Managerial economics
Content includes: part I some preliminaries; part II demand analysis; part III production and cost analysis; part IV profit maximization in various market structures; part V risk and uncertainty
Đã lưu trong:
| 主要作者: | |
|---|---|
| 格式: | 圖書 |
| 語言: | Undetermined |
| 出版: |
Boston
McGraw-Hill/Irwin
2002
|
| 主題: | |
| 標簽: |
添加標簽
沒有標簽, 成為第一個標記此記錄!
|
| Thư viện lưu trữ: | Trung tâm Học liệu Trường Đại học Cần Thơ |
|---|
| LEADER | 00736nam a2200205Ia 4500 | ||
|---|---|---|---|
| 001 | CTU_126937 | ||
| 008 | 210402s9999 xx 000 0 und d | ||
| 020 | |c 102.02 | ||
| 082 | |a 338.5024658 | ||
| 082 | |b M455 | ||
| 100 | |a Maurice, S. Charles | ||
| 245 | 0 | |a Managerial economics | |
| 245 | 0 | |c S. Charles Maurice, Christopher R. Thomas | |
| 260 | |a Boston | ||
| 260 | |b McGraw-Hill/Irwin | ||
| 260 | |c 2002 | ||
| 520 | |a Content includes: part I some preliminaries; part II demand analysis; part III production and cost analysis; part IV profit maximization in various market structures; part V risk and uncertainty | ||
| 650 | |a Managerial economics | ||
| 904 | |i Giang | ||
| 980 | |a Trung tâm Học liệu Trường Đại học Cần Thơ | ||